Juvenilia /

Guardado en:
Autor Principal: Cané, Miguel
Formato: Libro
Publicado: Buenos Aires : Estrada, 1939
Series:Clásicos Argentinos
Materias:
Etiquetas: Agregar Etiqueta
Sin Etiquetas, Sea el primero en etiquetar este registro!
LEADER 00553nam a22002055a 4500
001 CEM.cems001396
005 20110304100457.0
008 130507s1939##################000#0#####d
003 CEMS
082 0 4 |a A863.2 
100 1 |a Cané, Miguel 
245 1 0 |a Juvenilia /  |c Miguel Cané 
260 |a Buenos Aires :  |b Estrada,  |c 1939 
300 |a 137 p. 
490 0 |a Clásicos Argentinos 
653 |a Literatura 
653 |a Literatura argentina 
653 |a Novelas 
653 |a Novela argentina 
859 |a CEMS  |b BIB. CEMS - 11 de abril  |h A863.2  |i C162-6  |p 14115.75  |t Ej.1